[Event "Ste-Foy 4 2024-25"]
[Site "Sainte-Foy CAN"]
[Date "2025.02.24"]
[Round "1"]
[White "Breton, Sylvain"]
[Black "Lescarbeau, Martin"]
[Result "0-1"]
[WhiteElo "1247"]
[BlackElo "1719"]
[WhiteFideId "-1"]
[WhiteFideId "-1"]
[PlyCount "150"]
[GameId "2149659239972975"]
[EventDate "2025.02.24"]
[EventType "swiss"]
[EventRounds "5"]
[EventCountry "CAN"]
[TimeControl "5400+30"]

1. d4 d5 2. c4 e5 3. dxe5 d4 4. a3 Nc6 5. Nf3 Be6 6. e3 Qd7 7. exd4 O-O-O 8. d5 Bg4 9. Nbd2 Nxe5 10. Nxe5 Re8 11. Ndf3 Bxf3 12. Qxf3 Rxe5+ 13. Be2 Qe8 14. Bf4 Re4 15. Rc1 g6 16. Rc2 Bh6 17. Qh3+ Qd7 18. Qxd7+ Kxd7 19. Bxh6 Nxh6 20. O-O Rhe8 21. Bf3 R4e5 22. h3 Nf5 23. Bg4 Kd6 24. Bxf5 Rxf5 25. Rc3 Rfe5 26. b4 b5 27. f4 Re3 28. c5+ Kxd5 29. Rd1+ Kc6 30. Rcd3 f5 31. Kf2 Re2+ 32. Kf3 R8e4 33. R1d2 Re1 34. g3 Rc1 35. Kg2 a5 36. Rd7 axb4 37. axb4 Rxb4 38. Rxh7 Rxc5 39. Rg7 Rd5 40. Rxg6+ Kc5 41. Rc2+ Rc4 42. Rb2 Rcd4 43. Kf3 Rd2 44. Rxd2 Rxd2 45. h4 b4 46. Ke3 Rd5 47. Rg7 c6 48. Rb7 Kc4 49. h5 Rd6 50. Kf3 Rd3+ 51. Kg2 b3 52. h6 Rd6 53. h7 Rh6 54. Kf3 Kc3 55. Rb6 Rxh7 56. Rxc6+ Kd2 57. Rd6+ Kc1 58. Rc6+ Kb1 59. Ke3 Rh2 60. Rc3 b2 61. Kd4 Rc2 62. Rb3 Ka2 63. Rxb2+ Kxb2 64. Ke5 Rc5+ 65. Kf6 Kc3 66. Kg5 Kd4 67. g4 Ke4 68. gxf5 Rxf5+ 69. Kg6 Rxf4 70. Kg5 Ke5 71. Kg6 Rf3 72. Kg7 Ke6 73. Kg8 Rf7 74. Kh8 Ra7 75. Kg8 Kf6 0-1

[Event "Ste-Foy 4 2024-25"]
[Site "Sainte-Foy CAN"]
[Date "2025.02.24"]
[Round "1"]
[White "Dionne, Frederick"]
[Black "Lebel, Michel"]
[Result "1-0"]
[WhiteElo "1302"]
[BlackElo "1025"]
[WhiteFideId "-1"]
[WhiteFideId "-1"]
[PlyCount "55"]
[GameId "2149659239907435"]
[EventDate "2025.02.24"]
[EventType "swiss"]
[EventRounds "5"]
[EventCountry "CAN"]
[TimeControl "5400+30"]

1. e4 e6 2. b3 Nc6 3. Bb2 b6 4. Nc3 Bb7 5. d4 Nge7 6. d5 exd5 7. exd5 Nb4 8. Bc4 d6 9. a3 Na6 10. Qe2 Qc8 11. O-O-O Nc5 12. b4 Nd7 13. Nf3 Nf6 14. Rd3 g6 15. Ne4 Bh6+ 16. Kb1 O-O 17. Nxf6+ Kh8 18. Qxe7 Qf5 19. Nd7+ Kg8 20. Nxf8 Bxf8 21. Qf6 Qxf6 22. Bxf6 Bc8 23. Re1 Bd7 24. Rde3 Bg7 25. Bxg7 Kxg7 26. Re7 Rd8 27. Nd4 Ba4 28. Bb5 1-0

[Event "Ste-Foy 4 2024-25"]
[Site "Sainte-Foy CAN"]
[Date "2025.02.24"]
[Round "1"]
[White "Pepin, Pierre-Luc"]
[Black "Poitras, Marc"]
[Result "0-1"]
[WhiteElo "1059"]
[BlackElo "1340"]
[WhiteFideId "-1"]
[WhiteFideId "-1"]
[PlyCount "116"]
[GameId "2149659239907434"]
[EventDate "2025.02.24"]
[EventType "swiss"]
[EventRounds "5"]
[EventCountry "CAN"]
[TimeControl "5400+30"]

1. d4 d6 2. e4 Nf6 3. Nc3 g6 4. Nf3 Bg7 5. Be2 O-O 6. O-O Nc6 7. b3 e5 8. d5 Ne7 9. Bb2 c6 10. dxc6 Nxc6 11. Ba3 Qa5 12. Bb2 Rd8 13. a4 Nb4 14. Qd2 Bg4 15. Na2 Nc6 16. Qxa5 Nxa5 17. Nc3 Rac8 18. Rfd1 Nxe4 19. Nxe4 Rxc2 20. Rd2 Rdc8 21. Bd1 Rxd2 22. Nfxd2 Bxd1 23. Rxd1 Rc2 24. Bc3 Nc6 25. Nb1 d5 26. Ng5 d4 27. Ba1 d3 28. Nd2 Bh6 29. Ndf3 Bxg5 30. Nxg5 d2 31. Kf1 Na5 32. b4 Nb3 33. Bxe5 Rc6 34. a5 f6 35. Bf4 fxg5 36. Bxg5 Rc4 37. Be7 Rc2 38. Ke2 Kf7 39. Bd6 Ke6 40. Bf8 Rc8 41. Bh6 Rc4 42. Bf8 Rc1 43. Bh6 Rxd1 44. Kxd1 Kd5 45. Bf8 Kc4 46. f4 Kd3 47. Bg7 Nc1 48. g4 Ke3 49. f5 Nd3 50. Bc3 Nf2+ 51. Kc2 d1=Q+ 52. Kb2 Nd3+ 53. Ka3 gxf5 54. gxf5 Qc1+ 55. Kb3 Qb1+ 56. Ka3 Nc1 57. Ka4 a6 58. f6 Qb3# 0-1

[Event "Ste-Foy 4 2024-25"]
[Site "Sainte-Foy CAN"]
[Date "2025.02.24"]
[Round "1"]
[White "Savard, Alexandre"]
[Black "Couture, Francois"]
[Result "1-0"]
[WhiteElo "1779"]
[BlackElo "1268"]
[WhiteFideId "-1"]
[WhiteFideId "-1"]
[PlyCount "93"]
[GameId "2149659239972976"]
[EventDate "2025.02.24"]
[EventType "swiss"]
[EventRounds "5"]
[EventCountry "CAN"]
[TimeControl "5400+30"]

1. d4 Nf6 2. Nc3 e6 3. e4 Bb4 4. e5 Nd5 5. Qg4 Bf8 6. Nxd5 exd5 7. Bg5 d6 8. Qg3 Qd7 9. O-O-O Qg4 10. Qe3 Be6 11. f3 Qh5 12. g4 Qg6 13. Bd3 f5 14. exd6 Kd7 15. dxc7 Nc6 16. Nh3 Re8 17. Bf4 Bf7 18. Bxf5+ Qxf5 19. Qxe8+ Bxe8 20. gxf5 Bh5 21. Rd3 Bd6 22. Bxd6 Kxd6 23. Nf4 Bf7 24. Rg1 Rg8 25. Ne6 Bxe6 26. fxe6 Kxc7 27. f4 Ne7 28. Rg5 g6 29. h4 Kd6 30. h5 Kxe6 31. hxg6 hxg6 32. Re5+ Kd6 33. Rg3 Rf8 34. Rg4 Rf6 35. c3 b5 36. Kd2 a6 37. Ke3 Nc6 38. Re8 Ne7 39. Ra8 Kd7 40. Rg5 Nf5+ 41. Kd3 Rd6 42. Rg8 Ne7 43. Rg7 Ke8 44. Re5 Rd7 45. Rxg6 Kf7 46. Rxa6 Rc7 47. Rb6 1-0

[Event "Ste-Foy 4 2024-25"]
[Site "Sainte-Foy CAN"]
[Date "2025.02.24"]
[Round "1"]
[White "Tremblay, Charles"]
[Black "Cantin, Guillaume"]
[Result "1/2-1/2"]
[WhiteElo "1503"]
[BlackElo "1163"]
[WhiteFideId "-1"]
[WhiteFideId "-1"]
[PlyCount "51"]
[GameId "2149659239907438"]
[EventDate "2025.02.24"]
[EventType "swiss"]
[EventRounds "5"]
[EventCountry "CAN"]
[TimeControl "5400+30"]

1. d4 Nf6 2. Bf4 c5 3. e3 cxd4 4. exd4 e6 5. Nf3 d5 6. Nbd2 Be7 7. Be2 h6 8. c3 O-O 9. O-O Nbd7 10. Ne5 Ne8 11. Ndf3 Nxe5 12. Nxe5 Bd6 13. Re1 Qc7 14. Rc1 f6 15. Ng6 Bxf4 16. Nxf8 Bxh2+ 17. Kh1 Kxf8 18. Bg4 Bf4 19. Rc2 e5 20. Bxc8 Rxc8 21. g3 Bg5 22. dxe5 fxe5 23. Qxd5 Qc6 24. Qxc6 Rxc6 25. Rxe5 Bf6 26. Re3 1/2-1/2

[Event "Ste-Foy 4 2024-25"]
[Site "Sainte-Foy CAN"]
[Date "2025.03.03"]
[Round "2"]
[White "Cantin, Guillaume"]
[Black "Caron-Ouellette, Charles"]
[Result "0-1"]
[WhiteElo "1163"]
[BlackElo "1323"]
[WhiteFideId "-1"]
[WhiteFideId "-1"]
[PlyCount "62"]
[GameId "2153228014596209"]
[EventDate "2025.02.24"]
[EventType "swiss"]
[EventRounds "5"]
[EventCountry "CAN"]

1. d4 d5 2. c4 e5 3. dxe5 d4 4. Nf3 Nc6 5. a3 Bg4 6. e3 Bxf3 7. Qxf3 Nge7 8. Qd1 Ng6 9. Be2 Ngxe5 10. exd4 Qxd4 11. Qxd4 Nxd4 12. Kd2 Nb3+ 13. Ke1 Nxa1 14. Bd1 O-O-O 15. Ke2 Nxc4 16. Nd2 Nxd2 17. Bxd2 Bc5 18. Ba4 Rd4 19. Be3 Rxa4 20. Bxc5 Nb3 21. Be3 Re8 22. Rd1 Nd4+ 23. Kf1 Nf5 24. Bc1 Rd4 25. Rxd4 Nxd4 26. Bd2 g6 27. Bc3 Nf5 28. g4 Nd6 29. Kg2 a6 30. h4 h5 31. gxh5 gxh5 0-1

[Event "Ste-Foy 4 2024-25"]
[Site "Sainte-Foy CAN"]
[Date "2025.03.03"]
[Round "2"]
[White "Couture, Francois"]
[Black "Pepin, Pierre-Luc"]
[Result "1-0"]
[WhiteElo "1268"]
[BlackElo "1059"]
[WhiteFideId "-1"]
[WhiteFideId "-1"]
[PlyCount "61"]
[GameId "2153228014596211"]
[EventDate "2025.02.24"]
[EventType "swiss"]
[EventRounds "5"]
[EventCountry "CAN"]

1. d4 d5 2. c4 e6 3. Nf3 c6 4. a3 Nf6 5. Nc3 dxc4 6. e4 b5 7. Be2 Qb6 8. Be3 Qb7 9. O-O Be7 10. Qc2 O-O 11. b3 cxb3 12. Qxb3 a6 13. Rfd1 Nbd7 14. Rab1 Rb8 15. Bg5 Re8 16. h3 Nb6 17. Bf4 Ra8 18. Bd3 Bd8 19. Qc2 g6 20. Re1 Be7 21. e5 Nfd5 22. Bg5 Bxa3 23. Ne4 Be7 24. Bxe7 Rxe7 25. Nf6+ Kg7 26. Be4 Nc4 27. Qc1 Bd7 28. Qg5 Be8 29. Bxd5 exd5 30. Ng4 Nb6 31. Qh6+ 1-0

[Event "Ste-Foy 4 2024-25"]
[Site "Sainte-Foy CAN"]
[Date "2025.03.03"]
[Round "2"]
[White "Lebel, Michel"]
[Black "Boudreault, Alexandre"]
[Result "1-0"]
[WhiteElo "1025"]
[BlackElo "1130"]
[WhiteFideId "-1"]
[WhiteFideId "-1"]
[PlyCount "67"]
[GameId "2153228012781676"]
[EventDate "2025.02.24"]
[EventType "swiss"]
[EventRounds "5"]
[EventCountry "CAN"]
[TimeControl "5400+30"]

1. e4 e5 2. Nf3 Nc6 3. Bc4 Nf6 4. Ng5 d5 5. exd5 Na5 6. d3 Nxc4 7. dxc4 Bd6 8. Nc3 O-O 9. Qd3 g6 10. Nge4 Bf5 11. Bg5 Be7 12. Bh6 Re8 13. O-O Nxe4 14. Nxe4 Qc8 15. Rfe1 Rd8 16. Qg3 Re8 17. Qxe5 f6 18. Qd4 Bxe4 19. Rxe4 Qd7 20. Rae1 Bf8 21. Bxf8 Rxf8 22. b3 b6 23. Re7 Qd6 24. R1e6 Qa3 25. h3 Qc1+ 26. Kh2 Qg5 27. Rxc7 Rf7 28. d6 Rd8 29. Rce7 Kg7 30. Re8 Rdd7 31. R8e7 Kh6 32. Rxd7 Rxd7 33. Re7 Qf5 34. Qh4+ 1-0

[Event "Ste-Foy 4 2024-25"]
[Site "Sainte-Foy CAN"]
[Date "2025.03.03"]
[Round "2"]
[White "Lizotte, Olivier"]
[Black "Renzo, Alain"]
[Result "1-0"]
[WhiteElo "1078"]
[BlackElo "1295"]
[WhiteFideId "-1"]
[WhiteFideId "-1"]
[PlyCount "119"]
[GameId "2153228014596210"]
[EventDate "2025.02.24"]
[EventType "swiss"]
[EventRounds "5"]
[EventCountry "CAN"]

1. e4 e6 2. d4 d5 3. e5 Bd7 4. g3 c5 5. c3 cxd4 6. cxd4 a6 7. a4 Nc6 8. Nf3 Qb6 9. b3 Nge7 10. Ba3 a5 11. Bg2 Nf5 12. Bxf8 Kxf8 13. Nbd2 Nfxd4 14. O-O h6 15. Rb1 Ke7 16. Nxd4 Nxd4 17. Qg4 Rag8 18. Qh4+ g5 19. Qg4 h5 20. Qd1 g4 21. h4 gxh3 22. Bxh3 Nc6 23. Nf3 Rxg3+ 24. Kh2 Qb4 25. Rg1 Rxg1 26. Qxg1 Qf4+ 27. Qg3 Qxg3+ 28. fxg3 Rf8 29. Rc1 f6 30. exf6+ Rxf6 31. Kg2 Rg6 32. Rc5 b6 33. Rb5 d4 34. Rxb6 d3 35. Rb7 Kd6 36. Nd2 h4 37. g4 e5 38. Kf3 Rf6+ 39. Ke3 Nb4 40. Ne4+ Ke7 41. Nxf6 Kxf6 42. Rxd7 Kg5 43. Ke4 Kf6 44. Rd6+ Kg5 45. Kxe5 d2 46. Rxd2 Nc6+ 47. Kd5 Nb4+ 48. Kc5 Na6+ 49. Kb5 Nc7+ 50. Kxa5 Kf4 51. b4 Ne6 52. b5 Ng5 53. Rd3 Nxh3 54. Rxh3 Kxg4 55. Rh1 h3 56. b6 Kg3 57. b7 Kg2 58. Rb1 h2 59. b8=Q h1=Q 60. Rxh1 1-0

[Event "Ste-Foy 4 2024-25"]
[Site "Sainte-Foy CAN"]
[Date "2025.03.03"]
[Round "2"]
[White "Poitras, Marc"]
[Black "Savard, Alexandre"]
[Result "0-1"]
[WhiteElo "1340"]
[BlackElo "1779"]
[WhiteFideId "-1"]
[WhiteFideId "-1"]
[PlyCount "52"]
[GameId "2153228014596206"]
[EventDate "2025.02.24"]
[EventType "swiss"]
[EventRounds "5"]
[EventCountry "CAN"]

1. d4 Nf6 2. Nf3 e6 3. Bf4 d5 4. c4 c5 5. Nc3 dxc4 6. e3 Nd5 7. Bg3 Nxc3 8. bxc3 Qa5 9. Qc2 b5 10. a4 Nc6 11. Ra2 b4 12. Bxc4 Ba6 13. Qb3 bxc3 14. Bxa6 c2+ 15. Ke2 Qxa6+ 16. Qb5 Qxb5+ 17. axb5 Nb4 18. b6 Nxa2 19. b7 Rd8 20. Bc7 Bd6 21. Bxd6 Kd7 22. dxc5 f6 23. Kd2 c1=Q+ 24. Rxc1 Nxc1 25. Nd4 Na2 26. Nb5 Kc6 0-1

[Event "Ste-Foy 4 2024-25"]
[Site "Sainte-Foy CAN"]
[Date "2025.03.03"]
[Round "2"]
[White "Shi, Evan"]
[Black "Dionne, Frederick"]
[Result "1-0"]
[WhiteElo "1748"]
[BlackElo "1302"]
[WhiteFideId "-1"]
[WhiteFideId "-1"]
[PlyCount "53"]
[GameId "2153228014596208"]
[EventDate "2025.02.24"]
[EventType "swiss"]
[EventRounds "5"]
[EventCountry "CAN"]

1. d4 d5 2. Bg5 f6 3. Bf4 Nc6 4. Nf3 Bg4 5. Nbd2 Nxd4 6. Nxd4 e5 7. f3 Bh5 8. Be3 exd4 9. Bxd4 c5 10. Bf2 Qb6 11. Qc1 O-O-O 12. e4 Qe6 13. Be2 Re8 14. O-O dxe4 15. Bc4 Qe5 16. Nxe4 f5 17. Bg3 Qd4+ 18. Kh1 fxe4 19. Rd1 Qf6 20. Bb5 Re6 21. Bd7+ Kd8 22. Bxe6+ Ke7 23. Bb3 Bxf3 24. gxf3 Qxf3+ 25. Kg1 g6 26. Rf1 Qg4 27. Qd2 1-0

[Event "Ste-Foy 4 2024-25"]
[Site "Sainte-Foy CAN"]
[Date "2025.03.03"]
[Round "2"]
[White "Soubeyrand, Maxence"]
[Black "Breton, Sylvain"]
[Result "1-0"]
[WhiteElo "1063"]
[BlackElo "1247"]
[WhiteFideId "-1"]
[WhiteFideId "-1"]
[PlyCount "144"]
[GameId "2153228014596205"]
[EventDate "2025.02.24"]
[EventType "swiss"]
[EventRounds "5"]
[EventCountry "CAN"]
[TimeControl "5400+30"]

1. d4 c5 2. c3 cxd4 3. cxd4 d5 4. Bf4 g6 5. e3 Bg7 6. Nf3 Nf6 7. h3 Nbd7 8. Bd3 O-O 9. O-O Nh5 10. Bh2 Re8 11. Nc3 Nb6 12. Rc1 Be6 13. Nb5 Nc4 14. Bxc4 dxc4 15. Nc7 Qd7 16. Nxa8 Rxa8 17. Ne5 Qb5 18. Qe2 Bxe5 19. Bxe5 Qd7 20. Rfd1 b5 21. Rd2 f6 22. Bh2 Ng7 23. d5 Rd8 24. Rcd1 Bf7 25. e4 Qb7 26. f3 Ne8 27. Rc1 Rc8 28. Rdc2 e6 29. dxe6 Bxe6 30. b3 Qb6+ 31. Qf2 Qa5 32. bxc4 bxc4 33. Qe1 Qb6+ 34. Kh1 Kf7 35. Bg1 Qb7 36. Rb1 Qa6 37. Qf2 Rc7 38. Rb8 Qc6 39. Rbb2 Nd6 40. Bh2 Rd7 41. Bxd6 Qxd6 42. Rd2 Qa3 43. Rxd7+ Bxd7 44. Rb7 Ke6 45. Qxa7 Qc1+ 46. Kh2 Qf4+ 47. Kh1 Qc1+ 48. Qg1 Qd2 49. Qb6+ Ke7 50. Qc5+ Qd6 51. Qxd6+ Kxd6 52. Kg1 c3 53. Rb1 Kc5 54. Rc1 Kc4 55. Kf1 Ba4 56. Ke1 Kd3 57. g4 c2 58. h4 Ke3 59. h5 Kxf3 60. Kd2 Kxe4 61. Rxc2 Bxc2 62. Kxc2 f5 63. gxf5 gxf5 64. Kd2 f4 65. Ke2 Kf5 66. a4 Kg4 67. Kf2 Kxh5 68. a5 Kg4 69. a6 h5 70. a7 h4 71. a8=Q h3 72. Qg8+ Kf5 1-0

[Event "Ste-Foy 4 2024-25"]
[Site "Sainte-Foy CAN"]
[Date "2025.03.10"]
[Round "3"]
[White "Dionne, Frederick"]
[Black "Soubeyrand, Maxence"]
[Result "1-0"]
[WhiteElo "1302"]
[BlackElo "1063"]
[WhiteFideId "-1"]
[WhiteFideId "-1"]
[PlyCount "37"]
[GameId "2154981879816266"]
[EventDate "2025.02.24"]
[EventType "swiss"]
[EventRounds "5"]
[EventCountry "CAN"]

1. e4 c6 2. d4 d5 3. f3 dxe4 4. fxe4 e5 5. Nf3 exd4 6. Bc4 Bg4 7. Bxf7+ Kxf7 8. Ne5+ Ke8 9. Qxg4 Qa5+ 10. Nd2 Qxe5 11. Qc8+ Ke7 12. Qxb7+ Ke8 13. Qxa8 Qc7 14. O-O Bc5 15. Nb3 Bb6 16. Bf4 Qc8 17. Qxb8 Qxb8 18. Bxb8 d3+ 19. Kh1 1-0

[Event "Ste-Foy 4 2024-25"]
[Site "Sainte-Foy CAN"]
[Date "2025.03.10"]
[Round "3"]
[White "Lescarbeau, Martin"]
[Black "Shi, Evan"]
[Result "1-0"]
[WhiteElo "1719"]
[BlackElo "1748"]
[WhiteFideId "-1"]
[WhiteFideId "-1"]
[PlyCount "52"]
[GameId "2154981879779400"]
[EventDate "2025.02.24"]
[EventType "swiss"]
[EventRounds "5"]
[EventCountry "CAN"]

1. e4 c6 2. d4 d5 3. e5 c5 4. dxc5 Nc6 5. Bb5 Bf5 6. Nf3 e6 7. Be3 Nge7 8. c3 a6 9. Ba4 Ng6 10. Bd4 Be7 11. Bxc6+ bxc6 12. b4 O-O 13. O-O Kh8 14. g3 Bh3 15. Re1 f5 16. exf6 gxf6 17. Ng5 e5 18. Nxh3 exd4 19. cxd4 Qd7 20. Qh5 f5 21. Nd2 f4 22. Nxf4 Nxf4 23. gxf4 Rf5 24. Rxe7 Qxe7 25. Qxf5 Rg8+ 26. Kf1 Qg7 1-0

[Event "Ste-Foy 4 2024-25"]
[Site "Sainte-Foy CAN"]
[Date "2025.03.10"]
[Round "3"]
[White "Poitras, Marc"]
[Black "Blais, Pierre-Luc"]
[Result "1/2-1/2"]
[WhiteElo "1340"]
[BlackElo "1439"]
[WhiteFideId "-1"]
[WhiteFideId "-1"]
[PlyCount "83"]
[GameId "2154981879816265"]
[EventDate "2025.02.24"]
[EventType "swiss"]
[EventRounds "5"]
[EventCountry "CAN"]

1. d4 Nf6 2. Bf4 d5 3. c4 c6 4. Nc3 g6 5. Nf3 Bg7 6. cxd5 cxd5 7. e3 a6 8. Qa4+ Bd7 9. Qb3 Bc6 10. Ng5 O-O 11. Bd3 Nbd7 12. O-O e5 13. dxe5 Nc5 14. Qc2 Ng4 15. Ne2 Nxd3 16. Qxd3 Nxe5 17. Qb3 h6 18. Bxe5 Bxe5 19. Nf3 Bc7 20. Ned4 Qd6 21. Rac1 Rab8 22. Qd3 Bd7 23. h3 Rbc8 24. Rc2 Bb6 25. Rfc1 Rxc2 26. Qxc2 Rc8 27. Qd2 Rxc1+ 28. Qxc1 Bc7 29. Ne2 Bf5 30. Ned4 Be4 31. g3 Qd7 32. Kg2 Bd6 33. Qd1 Kg7 34. Qb3 h5 35. Qc3 Kh6 36. Ne6 fxe6 37. Qh8+ Qh7 38. Qf6 Bxf3+ 39. Kxf3 Bc5 40. Qf4+ g5 41. Qf6+ Qg6 42. Qh8+ 1/2-1/2

[Event "Ste-Foy 4 2024-25"]
[Site "Sainte-Foy CAN"]
[Date "2025.03.10"]
[Round "3"]
[White "Savard, Alexandre"]
[Black "Wafer, Jacques"]
[Result "1-0"]
[WhiteElo "1779"]
[BlackElo "1440"]
[WhiteFideId "-1"]
[WhiteFideId "-1"]
[PlyCount "49"]
[GameId "2154981877506119"]
[EventDate "2025.02.24"]
[EventType "swiss"]
[EventRounds "5"]
[EventCountry "CAN"]
[TimeControl "5400+30"]

1. d4 Nf6 2. Nc3 d5 3. Bf4 a6 4. e3 Bf5 5. Bd3 Bxd3 6. cxd3 e6 7. Qb3 b6 8. Nf3 Nh5 9. Bg5 f6 10. Bh4 g5 11. g4 gxh4 12. gxh5 Rg8 13. e4 c6 14. O-O-O Bh6+ 15. Kb1 Ra7 16. Rde1 Rd7 17. exd5 cxd5 18. Rxe6+ Kf7 19. Qxb6 Qxb6 20. Rxb6 Bf4 21. Re1 Rd6 22. Rxd6 Bxd6 23. Nxd5 Rg2 24. Rf1 Bxh2 25. Ne3 1-0

[Event "Ste-Foy 4 2024-25"]
[Site "Sainte-Foy CAN"]
[Date "2025.03.10"]
[Round "3"]
[White "Soucy, Mathieu"]
[Black "Cantin, Guillaume"]
[Result "1/2-1/2"]
[WhiteElo "1299"]
[BlackElo "1163"]
[WhiteFideId "-1"]
[WhiteFideId "-1"]
[PlyCount "85"]
[GameId "2154981879816268"]
[EventDate "2025.02.24"]
[EventType "swiss"]
[EventRounds "5"]
[EventCountry "CAN"]

1. e4 e6 2. d4 d5 3. e5 c5 4. Nf3 Nc6 5. Bd3 cxd4 6. O-O g6 7. Nbd2 Bg7 8. Re1 Nge7 9. Nb3 Qc7 10. Bf4 O-O 11. Nbxd4 Nxd4 12. Nxd4 Bd7 13. Qd2 Rfc8 14. a4 a6 15. c3 Nc6 16. Qe3 Nxd4 17. cxd4 b5 18. axb5 Bxb5 19. Bxb5 axb5 20. Rxa8 Rxa8 21. Rc1 Qb7 22. b4 Bf8 23. Qe1 Ra4 24. Bd2 Qb6 25. Bc3 h5 26. g3 Kh7 27. Qd2 Bh6 28. f4 Qd8 29. Qd3 Qb6 30. Kg2 Ra3 31. Qc2 Qa7 32. Qd3 Ra2+ 33. Rc2 Rxc2+ 34. Qxc2 Qa4 35. Qxa4 bxa4 36. Bb2 Bf8 37. Ba3 Kh6 38. Kf3 g5 39. h3 gxf4 40. Kxf4 Kg6 41. h4 Bh6+ 42. Kf3 Bf8 43. Kf4 1/2-1/2

[Event "Ste-Foy 4 2024-25"]
[Site "Sainte-Foy CAN"]
[Date "2025.03.17"]
[Round "4"]
[White "Cantin, Guillaume"]
[Black "Boudreault, Alexandre"]
[Result "1-0"]
[WhiteElo "1163"]
[BlackElo "1130"]
[WhiteFideId "-1"]
[WhiteFideId "-1"]
[PlyCount "79"]
[GameId "2157618672308487"]
[EventDate "2025.02.24"]
[EventType "swiss"]
[EventRounds "5"]
[EventCountry "CAN"]

1. d4 d5 2. c4 e6 3. Nc3 Nf6 4. Nf3 Be7 5. Bg5 h6 6. Bf4 O-O 7. e3 c5 8. Bd3 dxc4 9. Bxc4 Nc6 10. O-O cxd4 11. exd4 Bd6 12. Ne5 Ne7 13. Bd3 Qb6 14. Rb1 Nf5 15. Bxf5 exf5 16. Nc4 Qa6 17. Nxd6 Be6 18. Ndb5 Rac8 19. Nc7 Qa5 20. Nxe6 fxe6 21. Bd2 Qc7 22. Rc1 Ng4 23. g3 Qd7 24. h3 Nf6 25. Ne2 Qb5 26. Rxc8 Rxc8 27. Bc3 Rd8 28. Re1 Nh7 29. Qb3 Qc6 30. Nf4 Ng5 31. Re3 Nf3+ 32. Kf1 Nh2+ 33. Ke2 Qh1 34. Qxe6+ Kh8 35. d5 Qf1+ 36. Kd2 Qxf2+ 37. Re2 Nf3+ 38. Kd1 Qf1+ 39. Re1 Nxe1 40. Qxh6+ 1-0

[Event "Ste-Foy 4 2024-25"]
[Site "Sainte-Foy CAN"]
[Date "2025.03.17"]
[Round "4"]
[White "Caron-Ouellette, Charles"]
[Black "Blais, Pierre-Luc"]
[Result "0-1"]
[WhiteElo "1323"]
[BlackElo "1439"]
[WhiteFideId "-1"]
[WhiteFideId "-1"]
[PlyCount "96"]
[GameId "2157618672238851"]
[EventDate "2025.02.24"]
[EventType "swiss"]
[EventRounds "5"]
[EventCountry "CAN"]

1. e4 c6 2. Nf3 d5 3. Nc3 dxe4 4. Nxe4 Nf6 5. Nxf6+ exf6 6. Bc4 Bd6 7. Qe2+ Qe7 8. Qxe7+ Kxe7 9. O-O Re8 10. Re1+ Kf8 11. Rxe8+ Kxe8 12. d4 b5 13. Bb3 a5 14. c3 Be6 15. Bxe6 fxe6 16. Be3 Nd7 17. Re1 Kf7 18. Nd2 Nb6 19. Ne4 Be7 20. Bf4 Ra7 21. Bd6 Rd7 22. Bxe7 Rxe7 23. Nc5 Nd7 24. Nb7 a4 25. Nd8+ Kg6 26. Nxc6 Re8 27. d5 e5 28. b3 axb3 29. axb3 Nc5 30. Rb1 Ra8 31. c4 bxc4 32. bxc4 Ra4 33. Nb4 Kf5 34. f3 Kf4 35. Kf2 Rxb4 36. Rxb4 Nd3+ 37. Ke2 Nxb4 38. Kd2 e4 39. fxe4 Kxe4 40. Kc3 Nd3 41. d6 Ne5 42. Kb4 Kd4 43. Kb5 h5 44. c5 Kd5 45. d7 Nc6 46. Kb6 g5 47. g3 f5 48. h3 f4 0-1

[Event "Ste-Foy 4 2024-25"]
[Site "Sainte-Foy CAN"]
[Date "2025.03.17"]
[Round "4"]
[White "Couture, Francois"]
[Black "Lizotte, Olivier"]
[Result "0-1"]
[WhiteElo "1268"]
[BlackElo "1078"]
[WhiteFideId "-1"]
[WhiteFideId "-1"]
[PlyCount "126"]
[GameId "2157618672308484"]
[EventDate "2025.02.24"]
[EventType "swiss"]
[EventRounds "5"]
[EventCountry "CAN"]

1. d4 d5 2. c4 e6 3. Nf3 Nc6 4. a3 h6 5. Nc3 Nf6 6. Bf4 Nh5 7. Qd2 Be7 8. cxd5 Na5 9. Qe3 exd5 10. Qe5 Nf6 11. Qxc7 Qxc7 12. Bxc7 Nb3 13. Rd1 Bf5 14. Be5 Bc2 15. Nb5 O-O 16. Rd2 Nxd2 17. Nxd2 a6 18. Nc3 Rfd8 19. g3 Ng4 20. Bf4 Rac8 21. Bg2 g5 22. Be3 Nxe3 23. fxe3 Bf5 24. O-O Be6 25. Nf3 f6 26. h4 g4 27. Nh2 h5 28. Rf4 Kg7 29. e4 dxe4 30. Rxe4 Kf7 31. e3 f5 32. Rf4 Bd6 33. Rf1 Bxg3 34. Bxb7 Rb8 35. Be4 Rxb2 36. Bxf5 Bxh2+ 37. Kh1 Bxf5 38. Rxf5+ Kg6 39. Rf1 Bg3 40. d5 Bxh4 41. e4 Bf6 42. Nd1 g3 43. Ne3 Bd4 44. Ng2 Rf2 45. Nf4+ Kh6 46. Rxf2 Bxf2 47. e5 Be3 48. Ng2 Bg5 49. d6 Kg6 50. Ne1 Kf7 51. Nf3 Bf4 52. Nd4 Bxe5 53. Nc6 Rg8 54. Nxe5+ Ke6 55. Nc4 g2+ 56. Kg1 Kd7 57. Ne3 Kxd6 58. Nxg2 a5 59. Kf2 a4 60. Nh4 Kc5 61. Ke3 Rg3+ 62. Kd2 Rxa3 63. Kc2 Rb3 0-1

[Event "Ste-Foy 4 2024-25"]
[Site "Sainte-Foy CAN"]
[Date "2025.03.17"]
[Round "4"]
[White "Pepin, Pierre-Luc"]
[Black "Soubeyrand, Maxence"]
[Result "0-1"]
[WhiteElo "1059"]
[BlackElo "1063"]
[WhiteFideId "-1"]
[WhiteFideId "-1"]
[PlyCount "58"]
[GameId "2157618672238849"]
[EventDate "2025.02.24"]
[EventType "swiss"]
[EventRounds "5"]
[EventCountry "CAN"]
[TimeControl "5400+30"]

1. d4 d5 2. Nf3 Nf6 3. e3 g6 4. Nbd2 Bg7 5. c3 O-O 6. Bd3 Nbd7 7. Qc2 Re8 8. h3 e5 9. dxe5 Nxe5 10. Nxe5 Rxe5 11. Nf3 Re8 12. b3 Ne4 13. Bb2 Qf6 14. Rc1 c6 15. O-O Bf5 16. Nd4 Bd7 17. Rfe1 Re5 18. c4 Bxh3 19. Nf3 Ng5 20. Bxe5 Nxf3+ 21. gxf3 Qxf3 22. Bf1 Bxe5 23. Bxh3 Qxh3 24. f4 Bc7 25. cxd5 Bb6 26. Qc3 Re8 27. Kf2 cxd5 28. Rcd1 Rc8 29. Qe5 Rc2+ 0-1

[Event "Ste-Foy 4 2024-25"]
[Site "Sainte-Foy CAN"]
[Date "2025.03.17"]
[Round "4"]
[White "Renzo, Alain"]
[Black "Soucy, Mathieu"]
[Result "0-1"]
[WhiteElo "1295"]
[BlackElo "1299"]
[WhiteFideId "-1"]
[WhiteFideId "-1"]
[PlyCount "45"]
[GameId "2157618672308486"]
[EventDate "2025.02.24"]
[EventType "swiss"]
[EventRounds "5"]
[EventCountry "CAN"]

1. e4 c5 2. Nc3 Nc6 3. Nf3 g6 4. d4 cxd4 5. Nxd4 Bg7 6. Be3 Nf6 7. Nxc6 bxc6 8. Be2 d5 9. e5 Ng8 10. Bd4 Nh6 11. e6 f6 12. Qd2 Bxe6 13. O-O O-O 14. Na4 Nf5 15. Bc5 Qc7 16. Rfe1 Bf7 17. Bg4 Nd6 18. Rxe7 Qxe7 19. Re1 Qc7 20. Qf4 Rfe8 21. Rd1 Rad8 22. b3 Re4 23. Qd2 0-1

[Event "Ste-Foy 4 2024-25"]
[Site "Sainte-Foy CAN"]
[Date "2025.03.17"]
[Round "4"]
[White "Wafer, Jacques"]
[Black "Dionne, Frederick"]
[Result "0-1"]
[WhiteElo "1440"]
[BlackElo "1302"]
[WhiteFideId "-1"]
[WhiteFideId "-1"]
[PlyCount "54"]
[GameId "2157618672238850"]
[EventDate "2025.02.24"]
[EventType "swiss"]
[EventRounds "5"]
[EventCountry "CAN"]

1. e4 e5 2. Nf3 Nc6 3. d4 exd4 4. Nxd4 Qh4 5. Qf3 Nxd4 6. Qd3 Bc5 7. Be3 Ne6 8. g3 Qf6 9. Nc3 Bxe3 10. Qxe3 d6 11. O-O-O Qg6 12. Bg2 Nf6 13. h3 O-O 14. e5 dxe5 15. Qxe5 Qg5+ 16. Qxg5 Nxg5 17. h4 Ne6 18. Rd2 Ne8 19. Rhd1 Nd6 20. b3 Rb8 21. Nd5 Rd8 22. Bh3 Kf8 23. Bxe6 Bxe6 24. Nxc7 Ke7 25. Re1 Rbc8 26. Nd5+ Kf8 27. c4 Nxc4 0-1